000 00560nam a2200193Ia 4500
003 OSt
005 20240805144716.0
008 210210b1996 xxu||||| |||| 00| 0 eng d
040 _cAL
041 _aKannada
082 _aK894.3 RADB
100 _aRADHADEVI (H G).
_9140283
_d ರಾಧಾದೇವಿ (ಹೆಚ್ ಜಿ)
245 _aBhagyatare belagitu.
_bಭಾಗ್ಯತಾರೆ ಬೆಳಗಿತು
260 _aBengaluru
_bHemanta Sahitya
_c1996
300 _a212
690 _aKannada Fiction
_9140284
906 _a052497
942 _2ddc
_cBK
999 _c100650
_d100650